书目信息 |
| 题名: |
城市交通环境系统优化与管理
|
|
| 作者: | 郁亚娟 , 王真 , 郭怀成 编著 | |
| 分册: | ||
| 出版信息: | 北京 化学工业出版社 2011.6 |
|
| 页数: | 200页 | |
| 开本: | 25cm | |
| 丛书名: | ||
| 单 册: | ||
| 中图分类: | X734 | |
| 科图分类: | ||
| 主题词: | 城市交通--环境污染 | |
| 电子资源: | ||
| ISBN: | 978-7-122-10745-9 | |
| 000 | 01415nam0 2200277 45 | |
| 001 | 516 | |
| 005 | 20120604094100.79 | |
| 010 | @a978-7-122-10745-9@dCNY58.00 | |
| 100 | @a20120328d2011 em y0chiy0110 ea | |
| 101 | 0 | @achi |
| 102 | @aCN@b110000 | |
| 105 | @aak a 000yy | |
| 106 | @ar | |
| 200 | 1 | @a城市交通环境系统优化与管理@ACheng Shi Jiao Tong Huan Jing Xi Tong You Hua Yu Guan Li@d= Optimization and management for yrban transportation environmental system@f郭怀成,王真,郁亚娟编著@FGuo Huai Cheng, Wang Zhen, Yu Ya Juan Bian Zhu@zeng |
| 210 | @a北京@c化学工业出版社@d2011.6 | |
| 215 | @a200页@c图@d25cm | |
| 300 | @a国家重点基础研究发展计划 (973) 资助 (2005CB724205) | |
| 330 | @a本书从交通带来的大气、噪声、土地利用等问题出发,按照“模拟预测分析优化管理”的思路,建立了城市交通环境的系统动力学模拟与预测模型,对案例城市北京市的交通环境进行了模拟和预测,对交通环境的外部性做出定量研究,同时对交通一体化、便捷性及交通和土地的相互影响做出量化评价,识别出城市交通环境的调控关键因子。最后,分别基于出行和机动车保有量结构,建立了综合的交通优化管理模型。 | |
| 510 | 1 | @aOptimization and management for yrban transportation environmental system@zeng |
| 606 | 0 | @a城市交通@x环境污染 |
| 690 | @aX734@v4 | |
| 701 | 0 | @a郁亚娟@AYu Ya Juan@4编著 |
| 701 | 0 | @a王真@AWang Zhen@4编著 |
| 701 | 0 | @a郭怀成@AGuo Huai Cheng@4编著 |
| 801 | 0 | @aCN@bTSTCL@c20120328 |
| 905 | @b0813657-63@dX734@e158@f7 | |
| 城市交通环境系统优化与管理= Optimization and management for yrban transportation environmental system/郭怀成,王真,郁亚娟编著.-北京:化学工业出版社,2011.6 |
| 200页:图;25cm |
| 国家重点基础研究发展计划 (973) 资助 (2005CB724205) |
| ISBN 978-7-122-10745-9:CNY58.00 |
| 本书从交通带来的大气、噪声、土地利用等问题出发,按照“模拟预测分析优化管理”的思路,建立了城市交通环境的系统动力学模拟与预测模型,对案例城市北京市的交通环境进行了模拟和预测,对交通环境的外部性做出定量研究,同时对交通一体化、便捷性及交通和土地的相互影响做出量化评价,识别出城市交通环境的调控关键因子。最后,分别基于出行和机动车保有量结构,建立了综合的交通优化管理模型。 |
| ● |
| 相关链接 |
|
|
|
|
正题名:城市交通环境系统优化与管理
索取号:X734/158
 
预约/预借
| 序号 | 登录号 | 条形码 | 馆藏地/架位号 | 状态 | 备注 |
| 1 | 0813657 | 208136578 | 第二样本阅览室/ [索取号:X734/158] | 在馆 | |
| 2 | 0813658 | 208136587 | 第三借阅区/ [索取号:X734/158] | 在馆 | |
| 3 | 0813659 | 208136596 | 第三借阅区/ [索取号:X734/158] | 在馆 | |
| 4 | 0813660 | 208136603 | 第三借阅区/ [索取号:X734/158] | 在馆 | |
| 5 | 0813661 | 208136612 | 第三借阅区/ [索取号:X734/158] | 在馆 | |
| 6 | 0813662 | 208136621 | 第三借阅区/ [索取号:X734/158] | 在馆 | |
| 7 | 0813663 | 208136630 | 第三借阅区/ [索取号:X734/158] | 在馆 |